Gaming Quiz

Random Gaming or Clickable Quiz
Score 0/30 Timer 04:00
0 Plays Today
% Correct
Star Wars: The Old Republic
96.3%
Portal
92.5%
Luigi's Mansion
90.6%
Mario Kart Wii
90.2%
Batman: Arkham Asylum
88.2%
Lego Harry Potter
84.2%
Soulcaliber
84.2%
Sonic the Hedgehog
84.2%
Legend of Zelda: Ocarina of Time
82.5%
Elder Scrolls: Skyrim
82.4%
Alan Wake
81.6%
Bully Scholarship Edition
81.6%
Epic Mickey
81.6%
Half-Life 2
77.5%
Billy Hatcher
76.3%
% Correct
Super Mario Sunshine
75.5%
Doom
73.8%
Quantum Conundrum
72.5%
Mass Effect
61.3%
Dead Island
61.3%
Dead Rising
61.3%
Team Fortress 2
60.5%
Halo 3
60%
Call of Duty: Black Ops
58.8%
Left 4 Dead 2
58.8%
Fallout 3
55.3%
Gears of War
52.5%
GTA IV
47.5%
Crysis 2
47.2%
Borderlands 2
31.6%
Remove Ads.
Support Sporcle.
Get the best of Sporcle when you Go Orange. This ad-free experience offers more features, more stats, and more fun while also helping to support Sporcle. Thank you for becoming a member.

You're not logged in!

Compare scores with friends on all Sporcle quizzes.
OR
Log In

Show Comments

Extras

Created Jul 1, 2012ReportNominate
Tags:Clickable Quiz, Weapons

Top Quizzes Today


Score Distribution

Your Account Isn't Verified!

In order to create a playlist on Sporcle, you need to verify the email address you used during registration. Go to your Sporcle Settings to finish the process.

Report this User

Report this user for behavior that violates our Community Guidelines.

Details: